<?xml version="1.0" encoding="UTF-8"?>
<collection xmlns:xsi="http://www.w3.org/2001/XMLSchema-instance" xsi:schemaLocation="http://www.loc.gov/MARC21/slim http://www.loc.gov/standards/marcxml/schema/MARC21slim.xsd" xmlns="http://www.loc.gov/MARC21/slim">
 <record>
  <leader>00000nam a22000004a 4500</leader>
  <controlfield tag="001">UP-1686042739784923889</controlfield>
  <controlfield tag="003">Buklod</controlfield>
  <controlfield tag="005">20240426155003.0</controlfield>
  <controlfield tag="006">m    |o  d |      </controlfield>
  <controlfield tag="007">ta</controlfield>
  <controlfield tag="008">240426s2023    ph     fr     000 0deng d</controlfield>
  <datafield tag="020" ind1=" " ind2=" ">
   <subfield code="a">9786210218909 (hardbound)</subfield>
  </datafield>
  <datafield tag="040" ind1="0" ind2=" ">
   <subfield code="a">DLAW</subfield>
   <subfield code="e">rda</subfield>
  </datafield>
  <datafield tag="041" ind1="0" ind2=" ">
   <subfield code="a">eng</subfield>
  </datafield>
  <datafield tag="090" ind1="0" ind2="0">
   <subfield code="a">KPM 770</subfield>
   <subfield code="b">C53 2023</subfield>
  </datafield>
  <datafield tag="100" ind1="3" ind2=" ">
   <subfield code="a">Claridades, Alvin T. </subfield>
   <subfield code="e">author</subfield>
  </datafield>
  <datafield tag="245" ind1="1" ind2="0">
   <subfield code="a">Basic succession law</subfield>
   <subfield code="c">Alvin T. Claridades.</subfield>
  </datafield>
  <datafield tag="250" ind1=" " ind2=" ">
   <subfield code="a">2023 edition.</subfield>
  </datafield>
  <datafield tag="264" ind1=" " ind2="4">
   <subfield code="c">2023</subfield>
   <subfield code="b">Central Book Supply, Inc.</subfield>
   <subfield code="a">Quezon City </subfield>
  </datafield>
  <datafield tag="300" ind1=" " ind2=" ">
   <subfield code="a">xlvii, 540 pages</subfield>
   <subfield code="c">24 cm</subfield>
  </datafield>
  <datafield tag="336" ind1=" " ind2=" ">
   <subfield code="a">text</subfield>
   <subfield code="2">rdacontent</subfield>
  </datafield>
  <datafield tag="337" ind1=" " ind2=" ">
   <subfield code="a">unmediated</subfield>
   <subfield code="2">rdamedia</subfield>
  </datafield>
  <datafield tag="338" ind1=" " ind2=" ">
   <subfield code="a">volume</subfield>
   <subfield code="2">rdacarrier</subfield>
  </datafield>
  <datafield tag="505" ind1="0" ind2="0">
   <subfield code="a">Chapter 1: Overview-- Chapter 2: General provisions on succession-- Chapter 3: Testamentary succession-- 1 Wills in general-- 2. Testamentary capacity and intent-- 3. Form of wills-- 4. Witness to wills-- 5. Codicils and incorporation by reference-- 6. Revocation of wills and testamentary dispositions-- 7. Republication and revival of wills-- 8. Allowance and disallowance of wills-- 9. Institution of heir-- 10. Substitution of heirs-- 11. Conditional testamentary dispositions and testament dispositions with a term-- 12. Legitime-- 13. Disinheritance-- 14. Legacy and devises-- Chapter 4: Legal or intestate succession-- A. General provisions-- B. Order of inestate succession-- C. Ilegitimate children-- D. Surviving Spouse-- E. Collateral relatives-- F. The State-- Chapter 5: Provisions Common to Testate and Instate Succesions-- 1. Right of Accretion-- 2. Capacity to succeed by will or by intestancy-- 3. Acceptance and repudiation of the inheritance-- 4. Executors and administrators-- 5. Collation-- 6. Partition and distribution of the estate-- Appendix</subfield>
  </datafield>
  <datafield tag="650" ind1="0" ind2="0">
   <subfield code="a">Inheritance and succession </subfield>
   <subfield code="z">Philippines .</subfield>
  </datafield>
  <datafield tag="905" ind1=" " ind2=" ">
   <subfield code="a">FI</subfield>
  </datafield>
  <datafield tag="852" ind1="0" ind2=" ">
   <subfield code="a">UPD</subfield>
   <subfield code="b">DLAW</subfield>
   <subfield code="h">KPM 770</subfield>
   <subfield code="i">C53 2023</subfield>
  </datafield>
  <datafield tag="942" ind1=" " ind2=" ">
   <subfield code="a">Book</subfield>
  </datafield>
 </record>
</collection>
